| 000 | 00465nam a2200169Ia 4500 | ||
|---|---|---|---|
| 999 |
_c14674 _d14674 |
||
| 003 | OSt | ||
| 005 | 20201103120005.0 | ||
| 008 | 190216s9999||||xx |||||||||||||| ||und|| | ||
| 040 | _coclc | ||
| 082 |
_a920 _bSIN/T |
||
| 100 |
_aSingh, Yuvraj _96220 |
||
| 245 | 4 |
_aThe Test Of My Life / _cYuvraj Singh |
|
| 260 |
_bRandom House India, _c2013. _aNew Delhi: |
||
| 300 | _a187p | ||
| 650 | _aEnglish | ||
| 942 |
_cBK _2ddc _h920 _iSIN/T _k920 _mSIN/T |
||